U.S. Cities Over 100,000 - G - Statistics

General Stats
  • This quiz has been taken 98 times
  • The average score is 5 of 11
Answer Stats
Pop. City % Correct
269,666 Greensboro
85%
188,040 Grand Rapids
59%
226,721 Glendale (AZ)
56%
191,719 Glendale (CA)
56%
226,876 Garland
50%
124,354 Gainesville
47%
104,057 Green Bay
41%
208,453 Gilbert
35%
175,396 Grand Prairie
30%
170,883 Garden Grove
27%
105,594 Gresham
23%
No matching quizzes found
Score Distribution
Percent of People with Each Score
Percentile by Number Answered
Your Score History
You have not taken this quiz